Marketing behind ICO
Vymedzenie ICO-Initial Coin Offering - predaj tokenov pri emitovaní novej kryptomeny založenej na tzv. blokchain technológií a prečo je o neho taký záujem.
Salvato in:
| Autore principale: | |
|---|---|
| Natura: | Capitolo di libro |
| Lingua: | inglese |
| Soggetti: | |
| Tags: |
Nessun Tag, puoi essere il primo ad aggiungerne!!
|
MARC
| LEADER | 00000naa a2200000 4500 | ||
|---|---|---|---|
| 001 | 0240220 | ||
| 005 | 20220722104224.1 | ||
| 041 | 0 | |a eng | |
| 044 | |a SK | ||
| 245 | 1 | 0 | |a Marketing behind ICO |c Jozef Metke |
| 520 | |a Vymedzenie ICO-Initial Coin Offering - predaj tokenov pri emitovaní novej kryptomeny založenej na tzv. blokchain technológií a prečo je o neho taký záujem. | ||
| 610 | 2 | 0 | |a stratégia marketingová |
| 610 | 2 | 0 | |a mena virtuálna |
| 610 | 2 | 0 | |a technológie nové |
| 610 | 2 | 0 | |a siete sociálne |
| 100 | 1 | |a Metke, Jozef | |